00899nam a22001577a 4500020001500000020001800015050001700033100002500050245011200075260003200187300004700219500002000266505040500286650002500691710002500716 a0070293449 a9780070293441 aQA303b.H569 aHoffmann, Laurence D aCalculus for business, economics, and the social and life sciencescHoffmann, Laurence D; Bradley, Gerald L aNew YorkbMcGraw-Hillc1992 axiv, 778 p. : ill.b (some col.) ;c 25 cm aIncludes index. aFunctions, graphs, and limits -- Differentiation : basic concepts -- Additional applications of the derivative -- Exponential and logarithmic functions -- Antidifferentiation -- Further topics in integration -- Differential equations -- Limits as infinity and improper integrals -- Functions of two variables -- Double integrals -- Infinite series and Taylor approximation -- Trigonometric functions. aD; Bradley, Gerald L aD; Bradley, Gerald L